Statistics for Top 10 Least Corrupt Countries

Click here to take the quiz!

General Stats

  • This quiz has been taken 152 times
  • The average score is 8 of 10

Answer Stats

Score#Country% Correct
853Sweden
96%
853Finland
95%
847Norway
95%
881Denmark
89%
819Canada
83%
853Switzerland
80%
828Netherlands
76%
872New Zealand
70%
819Luxembourg
64%
853Singapore
52%

Score Distribution

Percentile by Number Answered

Percent of People with Each Score

Your Score History

You have not taken this quiz